000 00607nam a2200169 a 4500
008 120416s1978 ||||||||||||||||| || u
020 _a0306400928
050 _aNA 2542.35 Fri
100 _aFriedmann, Arnold
245 1 0 _aEnvironmental design evaluation
260 _aNew York:
_bPlenum Press
_c1978
300 _avii, 225p. : ill.
350 _a0.00
650 _aARCHITECTURE--ENVIRONMENTAL ASPECTS--UNITED STATES
700 _aZube, Ervin
995 _D0.00
_FCBU-MAIN LIBRARY (Kitwe)
_H1
_I36.90
_UAVAILABLE
_ZMain Library Open Access Collection
999 _c42192
_d42192